000 00554nam a2200193Ia 4500
003 OSt
005 20260202115338.0
008 210210b1950 xxu||||| |||| 00| 0 eng d
040 _cAL
041 _aKannada
082 _a852/695
100 _aNADIGER KRASHNARAYA
_9160388
_dನಾಡಿಗೇರ್ ಕೃಷ್ಣರಾಯ
245 _aKedigana kidigalu:
_bಕೇಡಿಗನ ಕಿಡಿಗಳು
260 _aBengaluru
_bSharada Prakatanalalya
_c1950
300 _a90
690 _aKannada Prose
_9160389
906 _a019260
942 _2ddc
_cBK
999 _c143381
_d143381